| 000 | 01045cam a22002775a 4500 | ||
|---|---|---|---|
| 001 | 12994011 | ||
| 005 | 20170227104821.0 | ||
| 008 | 021106t2003 njua frb 001 0 eng d | ||
| 020 | _a0131217607 | ||
| 020 | _a9780131217607 | ||
| 040 |
_aDLC _cDLC _dDLC _dEG-ScBUE _dEG-ScBUE _beng |
||
| 082 | 0 | 4 |
_a660.2842 _222 _bGEA |
| 100 | 1 |
_aGeankoplis, Christie J. _929422 |
|
| 245 | 1 | 0 |
_aTransport processes and separation process principles : _b(includes unit operations) / _cChristie John Geankoplis. |
| 250 | _a4th ed., International ed. | ||
| 260 |
_aUpper Saddle River : _bPrentice Hall Professional Technical Reference, _cc.2003. |
||
| 300 |
_axiii, 1026 p. : _bill. ; _c25 cm. |
||
| 500 | _aRev. ed. of : Transport processes and unit operations. 3rd ed. c1993. | ||
| 500 | _aIndex : p. 1009-1025. | ||
| 504 | _aIncludes bibliographical references. | ||
| 650 | 7 |
_aTransport theory. _94431 _2BUEsh |
|
| 651 | _2BUEsh | ||
| 653 |
_bENGCHE _cMarch2012 _cOctober2014 _cOctober2016 |
||
| 655 |
_vText book _933728 |
||
| 942 |
_2ddc _cBB _k660.2842 GEA |
||
| 999 |
_c16595 _d16595 |
||